000 00855nam a2200277Ia 4500
003 OSt
005 20221002045500.0
006 a|||||r|||| 00| 0
007 ta
008 220930b |||||||| |||| 00| 0 eng d
020 _a978199236428 (hbk)
_c9095.29
024 _a7377
037 _b817, 14/08/2013, Bright Book Service
_cReference Collections
040 _aCRL
_cCRL
_beng
041 _2eng
_aeng
082 _aVv, Q1.2(RR)
100 _aHesketh Ian Ed.
245 0 _aOxford history of historical writing
260 _aOxford
_bOxford University Press UK
_c2012
300 _axxii, 646p.
_ccm.
490 _vVol. 2
500 _aOxford history of historical writing
650 _aHISTORY
942 _hVv, Q1.2(RR)
_cref
_2CC
999 _c912510
_d912510